<?xml version="1.0" encoding="UTF-8"?><?xml-stylesheet type="text/xsl" href="static/style.xsl"?><OAI-PMH xmlns="http://www.openarchives.org/OAI/2.0/" xmlns:xsi="http://www.w3.org/2001/XMLSchema-instance" xsi:schemaLocation="http://www.openarchives.org/OAI/2.0/ http://www.openarchives.org/OAI/2.0/OAI-PMH.xsd"><responseDate>2026-04-17T10:25:53Z</responseDate><request verb="GetRecord" identifier="oai:riubu.ubu.es:10259/8210" metadataPrefix="marc">https://riubu.ubu.es/oai/request</request><GetRecord><record><header><identifier>oai:riubu.ubu.es:10259/8210</identifier><datestamp>2024-06-21T22:42:06Z</datestamp><setSpec>com_10259_4596</setSpec><setSpec>com_10259.4_2574</setSpec><setSpec>com_10259.4_106</setSpec><setSpec>com_10259_2604</setSpec><setSpec>col_10259_4597</setSpec></header><metadata><record xmlns="http://www.loc.gov/MARC21/slim" xmlns:doc="http://www.lyncode.com/xoai" xmlns:xsi="http://www.w3.org/2001/XMLSchema-instance" xmlns:dcterms="http://purl.org/dc/terms/" xsi:schemaLocation="http://www.loc.gov/MARC21/slim http://www.loc.gov/standards/marcxml/schema/MARC21slim.xsd">
<leader>00925njm 22002777a 4500</leader>
<datafield tag="042" ind1=" " ind2=" ">
<subfield code="a">dc</subfield>
</datafield>
<datafield tag="720" ind1=" " ind2=" ">
<subfield code="a">Martínez Ruiz, María Pilar .</subfield>
<subfield code="e">author</subfield>
</datafield>
<datafield tag="720" ind1=" " ind2=" ">
<subfield code="a">Ruiz-Palomino, Pablo</subfield>
<subfield code="e">author</subfield>
</datafield>
<datafield tag="720" ind1=" " ind2=" ">
<subfield code="a">Izquierdo Yusta, Alicia</subfield>
<subfield code="e">author</subfield>
</datafield>
<datafield tag="720" ind1=" " ind2=" ">
<subfield code="a">Pick, Doreén</subfield>
<subfield code="e">author</subfield>
</datafield>
<datafield tag="260" ind1=" " ind2=" ">
<subfield code="c">2023-06</subfield>
</datafield>
<datafield tag="520" ind1=" " ind2=" ">
<subfield code="a">To increase our understanding of food choices, their evaluation and their effects on key non-financial variables, we examine potential differences between two types of food values (distinguishing those that offer added value from those limited to providing only an offer of basic value) between two types of restaurants regarding their impact on satisfaction with the food, and loyalty to the food and the restaurant. To do so, we collected a database of 516 customers of restaurants in Spain and analysed it using descriptive statistics and structural equation analysis. The results evidenced how offering food reflecting both differential added value and basic value increases food satisfaction, and, in turn, customer loyalty to the food and the restaurant. As a novelty in the literature, our findings revealed that basic value offer increases customers’ food satisfaction of both restaurant types but offering food that reflects differential added value offer does not influence customers satisfaction of fast-food restaurants but increases food satisfaction in traditional restaurants. The discussion addresses the key implications of these findings for restaurants strategic positioning.</subfield>
</datafield>
<datafield tag="024" ind2=" " ind1="8">
<subfield code="a">1878-450X</subfield>
</datafield>
<datafield tag="024" ind2=" " ind1="8">
<subfield code="a">http://hdl.handle.net/10259/8210</subfield>
</datafield>
<datafield tag="024" ind2=" " ind1="8">
<subfield code="a">10.1016/j.ijgfs.2023.100770</subfield>
</datafield>
<datafield ind1=" " ind2=" " tag="653">
<subfield code="a">Food values</subfield>
</datafield>
<datafield ind1=" " ind2=" " tag="653">
<subfield code="a">Satisfaction</subfield>
</datafield>
<datafield ind1=" " ind2=" " tag="653">
<subfield code="a">Loyalty</subfield>
</datafield>
<datafield ind1=" " ind2=" " tag="653">
<subfield code="a">Restaurant type</subfield>
</datafield>
<datafield tag="245" ind1="0" ind2="0">
<subfield code="a">The influence of food values on satisfaction and loyalty: Evidence obtained across restaurant types</subfield>
</datafield>
</record></metadata></record></GetRecord></OAI-PMH>